Prioritization, delegation and assignment : (Record no. 172071)

MARC details
000 -LEADER
fixed length control field 01025nam a22002657a 4500
003 - CONTROL NUMBER IDENTIFIER
control field OSt
005 - DATE AND TIME OF LATEST TRANSACTION
control field 20250623111227.0
008 - FIXED-LENGTH DATA ELEMENTS--GENERAL INFORMATION
fixed length control field 250623b |||||||| |||| 00| 0 eng d
020 ## - INTERNATIONAL STANDARD BOOK NUMBER
International Standard Book Number 9780323498289 (paperback)
040 ## - CATALOGING SOURCE
Original cataloging agency NUST
Language of cataloging eng
Transcribing agency NUST
Modifying agency NUST
Description conventions rda
050 ## - LIBRARY OF CONGRESS CALL NUMBER
Classification number RT55 LAC
100 ## - MAIN ENTRY--PERSONAL NAME
Personal name LaCharity, Linda A
245 ## - TITLE STATEMENT
Title Prioritization, delegation and assignment :
Remainder of title Practice exercise for the NCLEX examination /
Statement of responsibility, etc. Linda A. LaCharity, Barbara Bartz, candice K. Kumagai with an introduction by Ruth hansten.
250 ## - EDITION STATEMENT
Edition statement Fourth edition.
260 ## - PUBLICATION, DISTRIBUTION, ETC.
Place of publication, distribution, etc. St louis. Missouri :
Name of publisher, distributor, etc. Elsevier
Date of publication, distribution, etc. ©2019.
300 ## - PHYSICAL DESCRIPTION
Extent viii, 346 pages :
Other physical details Illusrations ;
Dimensions 29 cm.
336 ## - CONTENT TYPE
Source rdamedia
Content type term text
Content type code txt
337 ## - MEDIA TYPE
Source rdamedia
Media type term unmediated
Media type code n
338 ## - CARRIER TYPE
Source rdamedia
Carrier type term volume
Carrier type code nc
650 ## - SUBJECT ADDED ENTRY--TOPICAL TERM
Form subdivision Nursing Care-organization and adminstration.
700 ## - ADDED ENTRY--PERSONAL NAME
Personal name Bartz, Barbara
Relator term Author
700 ## - ADDED ENTRY--PERSONAL NAME
Personal name Kumagai, Candice K
Relator term Author
700 ## - ADDED ENTRY--PERSONAL NAME
Personal name Hansten, Ruth
Relator term Introducer
942 ## - ADDED ENTRY ELEMENTS (KOHA)
Source of classification or shelving scheme Library of Congress Classification
Koha item type Ordinary Loan Books
Edition Fourth edition.
Classification part RT55 LAC
Call number prefix R
Call number suffix LAC
Suppress in OPAC No
Holdings
Withdrawn status Lost status Source of classification or shelving scheme Damaged status Not for loan Collection Home library Current library Shelving location Date acquired Source of acquisition Cost, normal purchase price Total Checkouts Full call number Barcode Date last seen Accession number Cost, replacement price Price effective from Koha item type Public note
    LCC     NFIC MEDICAL MEDICAL GEN 06/23/2025 Book Aid International 54.00   RT55 LAC 92004057796 06/23/2025 63228 54.00 06/23/2025 BOOKS Donation
    LCC     NFIC MEDICAL MEDICAL GEN 06/23/2025 Book Aid International 54.00   RT55 LAC 92004057804 06/23/2025 63227 54.00 06/23/2025 BOOKS Donation
    LCC     NFIC MEDICAL MEDICAL GEN 06/23/2025 Book Aid International 54.00   RT55 LAC 92004057760 06/23/2025 63226 54.00 06/23/2025 BOOKS Donation
    LCC     NFIC MEDICAL MEDICAL GEN 06/23/2025 Book Aid International 54.00   RT55 LAC 92004057649 06/23/2025 63225 54.00 06/23/2025 BOOKS Donation